LEADER 01229nas 2200433-a 450 001 996336181003316 005 20240413022451.0 035 $a(CKB)110978977287116 035 $a(CONSER)---91651013- 035 $a(MiAaPQ)40484 035 $a(EXLCZ)99110978977287116 100 $a19850723b19851993 --- a 101 0 $aeng 181 $ctxt$2rdacontent 182 $cc$2rdamedia 183 $acr$2rdacarrier 200 10$aMetro magazine 210 $aRedondo Beach, Calif. $cBobit Pub. Co.$d1985-1993 215 $a1 online resource 300 $aTitle from cover. 311 08$aPrint version: Metro magazine (Redondo Beach, Calif.) 1057-8196 (DLC) 91651013 (OCoLC)12292871 517 1 $aMetro 531 $aMETRO 531 0 $aMetro mag. 606 $aBus lines$vPeriodicals 606 $aBuses$vPeriodicals 606 $aBus lines$2fast$3(OCoLC)fst00842040 606 $aBuses$2fast$3(OCoLC)fst00842142 608 $aPeriodicals.$2fast 615 0$aBus lines 615 0$aBuses 615 7$aBus lines. 615 7$aBuses. 676 $a388.4/1322/05 906 $aJOURNAL 912 $a996336181003316 920 $aexl_impl conversion 996 $aMetro magazine$92415290 997 $aUNISA